|
|
|
|
| LEADER |
00000nam a22000007a 4500 |
| 008 |
210125b ||||| |||| 00| 0 eng d |
| 020 |
|
|
|a 978-1-4441-5737-6
|
| 100 |
|
|
|a Peter A. Brennan
|
| 245 |
|
|
|a CLINICAL head and neck anatomy for surgeons
|c Brennan, Peter A.
|
| 250 |
|
|
|c Peter A. Brennan, Vishy Mahadevan, Barrie T. Evans
|
| 260 |
|
|
|b CRC Press
|c 2016
|h Boca Raton
|i 689921
|l QM535 .C61
|m Head – Anatomy and histology
|m Anatomy, Regional
|m Neck – Anatomy and histology
|
| 942 |
|
|
|a lcc
|c BK
|e Mr ogunleye
|
| 952 |
|
|
|0 0
|1 0
|2 lcc
|4 0
|6 QM0535 C61
|7 0
|9 1650
|a HOL
|b HOL
|d 2021-01-25
|l 0
|o QM535 .C61
|p 2021-0436
|r 2021-01-25 00:00:00
|w 2021-01-25
|y BK
|
| 999 |
|
|
|c 875
|d 875
|